| 000 | 00599nam a22001937a 4500 | ||
|---|---|---|---|
| 999 |
_c8452 _d8452 |
||
| 003 | AR-CdUCM | ||
| 008 | 190325b ||||| |||| 00| 0 spa d | ||
| 040 |
_aMUNICIPALIDAD PROVINCIAL DEL CUSCO _cBIBLIOTECA MUNICIPAL DEL CUSCO |
||
| 082 |
_a869.56 / _bH46 |
||
| 100 |
_aHerrera de Angeles, I. Orfelinda _923144 |
||
| 245 | _aInfinitud horizontal / | ||
| 260 |
_aLima : _bTalleres Gráficos P.L. Villanueva, _c1967. |
||
| 300 |
_a22 páginas ; _c20.5 cm. |
||
| 500 | _aDonación familia Nieto. | ||
| 650 |
_aPoesías peruanas _91481 |
||
| 650 |
_aSiglo XX _98 |
||
| 942 |
_2ddc _cLIBROS |
||
| 945 | _azta | ||